| 000 | 00885nam a2200241 i 4500 | ||
|---|---|---|---|
| 001 | 183017 | ||
| 003 | ES-MaACL | ||
| 005 | 20260215144904.0 | ||
| 008 | 140113s2012 sp | |||||||| | spa d | ||
| 020 | _a978-84-7731-541-4 | ||
| 080 | _a821.134.2(460.27)-14"19/20"(082.2) | ||
| 245 | 0 | 0 |
_a12+1 : _buna antología de poetas madrileñ@s actuales / _cselección y presentación, Alberto Infante. |
| 246 | 3 | _aDoce más uno | |
| 260 |
_aMadrid : _bEndymion, _cD.L. 2012. |
||
| 300 |
_a216 p. ; _c20 cm. |
||
| 490 | 1 |
_aPoesía (Ediciones Endymion) ; _v324 |
|
| 650 | 4 |
_aPoesías españolas- _zMadrid (Comunidad Autónoma) _9154134 |
|
| 700 | 1 |
_aInfante, Alberto, _d1949- _9154135 |
|
| 830 | 0 |
_aPoesía (Ediciones Endymion) ; _v324 _9191744 |
|
| 852 |
_aES-MaACL _jA-12980 _9189950 _bR.149059 _cDEPO1 _dOlim: N-5980 |
||
| 942 |
_2udc _cMONOGRAFIA |
||
| 999 |
_c183017 _d183017 |
||